लिंग , विद्यालय और समाज / (Record no. 212210)

MARC details
000 -LEADER
fixed length control field 00914nam a22002297a 4500
005 - DATE AND TIME OF LATEST TRANSACTION
control field 20250708105239.0
010 ## - LCCN (DPL NO)
LC control number HIN-1299108-911
020 ## - INTERNATIONAL STANDARD BOOK NUMBER
Terms of availability 1195.00
International Standard Book Number 9789395368032
020 ## - INTERNATIONAL STANDARD BOOK NUMBER
Terms of availability 395.00
International Standard Book Number 9789395368025
035 ## - SYSTEM CONTROL NUMBER
System control number HN-102256
035 ## - SYSTEM CONTROL NUMBER
System control number HN-102257
037 ## - SOURCE OF ACQUISITION
Source of stock number/acquisition DBAD
082 ## - DEWEY DECIMAL CLASSIFICATION NUMBER
Classification number 305.309
100 ## - MAIN ENTRY--PERSONAL NAME
Personal name पाठक सुमेधा
245 ## - TITLE STATEMENT
Title लिंग , विद्यालय और समाज /
Statement of responsibility, etc सुमेधा पाठक
260 ## - PUBLICATION, DISTRIBUTION, ETC. (IMPRINT)
Place of publication, distribution, etc हैदराबाद
Name of publisher, distributor, etc नीलकमल पब्लिकेशन
Date of publication, distribution, etc 2023
270 ## - ADDRESS
Address सुल्तान बाज़ार , कोती ,हैदराबाद
City हैदराबाद
Postal code 500001
300 ## - PHYSICAL DESCRIPTION
Extent 266 पृ.;
Dimensions 24.1 से.मी. (सजिल्द)
300 ## - PHYSICAL DESCRIPTION
Extent 266पृ.;
Dimensions 23.9 (अजिल्द)
710 ## - ADDED ENTRY--CORPORATE NAME
9 (RLIN) 59840
942 ## - ADDED ENTRY ELEMENTS (KOHA)
Source of classification or shelving scheme Dewey Decimal Classification
Item type Hindi Books
Classification part 305.309
Call number suffix पाठक
Holdings
Withdrawn status Lost status Not for loan Collection code Home library Current library Date acquired Source of acquisition Cost, normal purchase price Full call number Barcode Cost, replacement price Koha item type
      Non-fiction Ashok Vihar Ashok Vihar 08/07/2025 DBAD 1195.00 305.309 पाठक HN-102256 1195.00 Hindi Books
      Non-fiction Mobile Library Mobile Library 08/07/2025 DBAD 395.00 305.309 पाठक HN-102257 1195.00 Hindi Books

© Delhi Public Library
Hit Counter
free hit counter